Biggest Cities of the Northeastern United States in 1860 with a Map - Statistics

General Stats
  • This quiz has been taken 168 times
  • The average score is 45 of 100
Answers on the Map
Answers color-coded by a green-red scale on the quiz's map according to % correct below.
 
Answer Stats
Population State Cities % Correct
177,840 MA Boston
96%
813,669 NY New York
94%
565,529 PA Philadelphia
93%
81,129 NY Buffalo
92%
62,367 NY Albany
91%
49,221 PA Pittsburgh
91%
50,666 RI Providence
89%
48,204 NY Rochester
86%
29,152 CT Hartford
85%
71,941 NJ Newark
83%
26,341 ME Portland
81%
39,267 CT New Haven
80%
28,119 NY Syracuse
80%
17,228 NJ Trenton
80%
9,419 PA Erie
79%
7,609 ME Augusta
76%
29,226 NJ Jersey City
75%
13,405 PA Harrisburg
74%
20,107 NH Manchester
74%
10,896 NH Concord
73%
266,661 NY Brooklyn
72%
7,713 VT Burlington
72%
15,199 MA Springfield
70%
24,960 MA Worcester
68%
13,299 CT Bridgeport
67%
22,252 MA Salem
67%
22,529 NY Utica
65%
8,218 NY Yonkers
64%
10,508 RI Newport
63%
9,223 PA Scranton
63%
8,025 PA Allentown
62%
16,407 ME Bangor
62%
26,060 MA Cambridge
61%
17,603 PA Lancaster
54%
36,827 MA Lowell
54%
14,358 NJ Camden
51%
14,726 NY Poughkeepsie
50%
8,605 PA York
50%
22,300 MA New Bedford
49%
9,335 NH Portsmouth
49%
9,579 NY Schenectady
49%
8,325 NY Binghamton
46%
11,567 NJ Elizabeth
46%
10,065 NH Nashua
46%
23,162 PA Reading
46%
14,026 MA Fall River
45%
19,586 NJ Paterson
45%
28,702 PA Allegheny
43%
10,115 CT New London
43%
39,235 NY Troy
42%
8,916 RI Warwick
42%
7,234 CT Danbury
41%
9,662 NJ Hoboken
41%
19,083 MA Lynn
41%
7,424 ME Lewiston
39%
10,004 CT Waterbury
39%
10,904 MA Gloucester
37%
7,582 CT Norwalk
35%
8,502 NH Dover
33%
14,048 CT Norwich
33%
17,639 MA Lawrence
32%
16,816 NY Oswego
31%
8,045 MA Pittsfield
28%
7,577 VT Rutland
28%
15,376 MA Taunton
28%
25,065 MA Charlestown
27%
7,500 RI Cranston
27%
8,308 NY Elmira
27%
13,401 MA Newburyport
27%
8,025 MA Somerville
27%
8,382 MA Newton
26%
9,995 MA Haverhill
25%
11,256 NJ New Brunswick
24%
12,578 NY Newburgh
23%
8,877 NJ Orange
22%
10,986 NY Auburn
21%
7,646 MA Marblehead
21%
13,395 MA Chelsea
20%
7,261 MA Chicopee
20%
9,769 MA Dorchester
20%
7,229 NJ Hudson
20%
25,137 MA Roxbury
20%
10,871 NY Lockport
19%
9,132 MA Milford
19%
8,944 PA Easton
17%
8,076 ME Bath
16%
7,805 MA Fitchburg
16%
11,818 RI North Providence
16%
7,742 MA Weymouth
15%
8,339 RI Cumberland
12%
9,444 PA Pottsville
12%
7,426 CT Meriden
11%
9,349 ME Biddeford
10%
7,316 ME Rockland
10%
8,800 NY Cohoes
9%
8,848 PA Norristown
9%
13,283 RI Smithfield
9%
8,820 NY West Troy
8%
7,409 NY Ogdensburg
7%
8,527 MA Abington
6%
No matching quizzes found
Score Distribution
Percent of People with Each Score
Percentile by Number Answered
Your Score History
You have not taken this quiz